Datum a čas kvízu
31.5
Celkem bodů
Celkový počet nahraných bodů na tomto kvízu bez doplňovacích otázek.
7.
Pořadí na kvízu
Konečné umístění týmu na tomto kvízu.
Zaznamenané odpovědi
| # | Otázka | Odpověď | Body | Výsledky |
|---|---|---|---|---|
| 1. | Do čtvrteční výstražné stávky... | 1 | ||
| 2. | Slovenská vládní krize přinesl... | 1 | ||
| 3. | Karlovarský filmový festival p... | 1 | ||
| 4. | Nápojářská skupina Kofola kupu... | 1 | ||
| 5. | Sezona silniční cyklistiky zač... | 0.5 | ||
| 6. | Stephen Hawking, jehož obdivuh... | 0 | ||
| 7. | V 70. letech se Hawking intele... | 1 | ||
| 8. | Hawking se během své vědecké d... | 1 | ||
| 9. | Jako student byl Stephen horli... | 1 | ||
| 10. | V roce 2014 byl britským režis... | 1 |